000 00287nam a22001337a 4500
020 _a81-8153422-0
082 _a823
_bAAK/G
100 _aAAKANKSHA
245 _aGRANDMA'S STORIES
260 _aDELHI
_bRAINBOW BOOKS
300 _a16
650 _aENGLISH SHORT STORY
_zDELHI
942 _cBK
999 _c5355
_d5355